00726cam a22002297a 4500001001000000003000500010005001700015008004100032010001000073011001000083035001000093040000900103082001500112100003300127245010100160260008300261300003300344500003900377650002600416650002500442650002900467000051987CHAP20220329140348.0971013s1978 r 00010 d a50924 a51896 a56046 cCHAP04a633.15bP600aPoey Diago, Federico Raúl.13aEl mejoramiento integral del maíz, valor nutritivo y rendimiento :b: hipótesis y métodos. aChapingo, Méx. :bSARH. Colegio de Postgraduados. Rama de Genética,c1978. a206 p. :b: ilus. ; gráfs. aPublicada originalmente como tesis14aMaízxMejoramiento.14aMaízxRendimiento.14aMaízxValor nutritivo.